000 01159njm a22003017a 4500
005 20100920122021.0
006 a|||||r|||||00| 0
007 sd ammalaaahaa
008 100913t xxu||||| |||| 00| 0 hin d
028 _a2392 562
_bAngel
035 _aGR-03922
040 _aSED/VEN
100 _aDevi, Nirmala
_91184
245 _aMain govind ke gun gana /
_cby Nirmala Devi ;music by Chandiramani
_h[sound recording] :
246 _aमैं गोविन्द के गुण गाना / निर्मला देवी
260 _aDum Dum India
_bHis master's voice
_c1981
300 _a1 sound disc [Gramophone record] :
_banalog, 33 1/3 rpm
_c12.5 in. (LP)
_fGramophone Record
500 _aBrief Record
500 _aRecord label :Super, Magenta
505 _aSide 1 (Nandlal he gopala) (Nirmala Devi); Side--2 (Odari southaniyan baansari)(Nirmala Devi)
600 _aMangeskar, lata
_919992
650 _aBhajans
_xExcerpts
_zIndia
_920525
650 _920526
700 _919604
_aChandiramani
700 _919605
942 _2ddc
_cGR
999 _c46969
_d46969